000 00806nam a2200277Ia 4500
003 OSt
005 20220928112258.0
006 a|||||r|||| 00| 0
007 ta
008 220927b |||||||| |||| 00| 0 eng d
020 _cUKP 55.00
024 _a136026
037 _b105, 28/09/2017, Classic Book Service
_cTextual
040 _aSDCL
_cSDCL
_beng
041 _2eng
_aeng
082 _aS:52, Q7
100 _aNiedenthal Paula M.
_9427175
245 0 _aPsychology of emotion
250 _a2nd
260 _aNew York
_b Routledge
_c2017
300 _aix,308p.
_ccm.
650 _aApplied Psychology
700 _a Ric Francois
_9427176
942 _hS:52, Q7
_cTEXL
_2CC
999 _c744025
_d744025